[Event "22. Copenhagen Open  (Politiken Cup)"]
[Site "Copenhagen"]
[Date "2000.07.17"]
[Round "1"]
[White "Al Saad, Mofid"]
[Black "Petersen, Steffen"]
[Result "0-1"]
[WhiteElo "1496"]
[BlackElo "2121"]
[PlyCount "88"]
[EventDate "2000.07.17"]
[EventType "swiss"]
[EventRounds "11"]
[EventCountry "DEN"]
[SourceDate "2004.01.01"]

1. Nf3 Nf6 2. c4 g6 3. Nc3 Bg7 4. d4 O-O 5. e3 d5 6. Be2 c6 7. O-O Bg4 8. h3
Bf5 9. Ne5 Nbd7 10. g4 Be6 11. f4 dxc4 12. Nxc4 Bxc4 13. Bxc4 e6 14. g5 Nd5 15.
Ne4 N7b6 16. Bb3 Nc8 17. Qf3 Nd6 18. Ng3 Nf5 19. Nxf5 gxf5 20. Bd2 a5 21. a3
Qb6 22. Bxd5 cxd5 23. Bc3 Rfc8 24. h4 Rc4 25. Rab1 a4 26. Rbc1 Rac8 27. h5 Bf8
28. Qg2 R8c7 29. g6 fxg6 30. Qg5 Rg7 31. h6 Rf7 32. Rc2 Be7 33. Qg3 Qc7 34.
Rfc1 b5 35. Qe1 Rf8 36. Rg2 Rc8 37. Rg3 b4 38. axb4 Bxb4 39. Qe2 Bxc3 40. Rxc3
Rxc3 41. bxc3 Qxc3 42. Qa6 Qe1+ 43. Kh2 Rc2+ 44. Rg2 Qh4+ 0-1

[Event "22. Copenhagen Open  (Politiken Cup)"]
[Site "Copenhagen"]
[Date "2000.07.17"]
[Round "1"]
[White "Andersen, Preben"]
[Black "Psakhis, Lev"]
[Result "0-1"]
[WhiteElo "2030"]
[BlackElo "2611"]
[PlyCount "44"]
[EventDate "2000.07.17"]
[EventType "swiss"]
[EventRounds "11"]
[EventCountry "DEN"]
[SourceDate "2004.01.01"]

1. e4 c5 2. Nf3 e6 3. Nc3 a6 4. d4 cxd4 5. Nxd4 d6 6. Bc4 Nf6 7. Bb3 Nbd7 8. f4
Nc5 9. Qf3 b5 10. f5 Qd7 11. Bg5 Be7 12. fxe6 fxe6 13. O-O Nxb3 14. axb3 O-O
15. Qh3 b4 16. Nce2 Rf7 17. Be3 e5 18. Nf5 Nxe4 19. Qg4 Rxf5 20. Qxe4 d5 21.
Qd3 Rxf1+ 22. Rxf1 Qb5 0-1

[Event "22. Copenhagen Open  (Politiken Cup)"]
[Site "Copenhagen"]
[Date "2000.07.17"]
[Round "1"]
[White "Andersen, Rune"]
[Black "Jensen, Michael Bremerskov"]
[Result "1-0"]
[WhiteElo "2077"]
[BlackElo "1358"]
[PlyCount "77"]
[EventDate "2000.07.17"]
[EventType "swiss"]
[EventRounds "11"]
[EventCountry "DEN"]
[SourceDate "2004.01.01"]

1. d4 Nf6 2. c4 e6 3. Nc3 d5 4. Nf3 c5 5. cxd5 exd5 6. Bg5 Be7 7. dxc5 Be6 8.
e3 Qa5 9. Bb5+ Nc6 10. Nd4 Bd7 11. O-O a6 12. Nb3 Qd8 13. Be2 Be6 14. Bf3 Nd7
15. Bxe7 Qxe7 16. Nxd5 Bxd5 17. Qxd5 O-O 18. Qd6 Qxd6 19. cxd6 Nde5 20. Bxc6
Nxc6 21. Rac1 Rfd8 22. Rfd1 Rab8 23. Nc5 Ne5 24. f4 Nd7 25. Nxd7 Rxd7 26. Rc7
Rbd8 27. Rxd7 Rxd7 28. e4 f6 29. e5 fxe5 30. fxe5 Kf7 31. Re1 Ke6 32. g4 g5 33.
Kg2 Rd8 34. Re3 Rc8 35. Kf3 Rc2 36. Rd3 Rxh2 37. Kg3 Rh1 38. d7 Rg1+ 39. Kf2
1-0

[Event "22. Copenhagen Open  (Politiken Cup)"]
[Site "Copenhagen"]
[Date "2000.07.17"]
[Round "1"]
[White "Auchenberg, Einar"]
[Black "Rasmussen, Allan Stig"]
[Result "0-1"]
[WhiteElo "1692"]
[BlackElo "2199"]
[PlyCount "84"]
[EventDate "2000.07.17"]
[EventType "swiss"]
[EventRounds "11"]
[EventCountry "DEN"]
[SourceDate "2004.01.01"]

1. e4 c6 2. Nc3 d5 3. exd5 cxd5 4. Bb5+ Nc6 5. d4 a6 6. Bxc6+ bxc6 7. Bf4 Nf6
8. Nf3 e6 9. Ne5 c5 10. Bg5 Bb7 11. O-O h6 12. Be3 Bd6 13. f4 cxd4 14. Qxd4 O-O
15. Rad1 Rc8 16. Qb6 Qxb6 17. Bxb6 Bc5+ 18. Bxc5 Rxc5 19. Rd4 Rd8 20. g4 Nd7
21. Nd3 Rc7 22. Rd1 f6 23. Nb4 Nb6 24. h4 a5 25. Nd3 Nc4 26. Nb5 Rcc8 27. Re1
Re8 28. b3 e5 29. fxe5 fxe5 30. bxc4 exd4 31. Rxe8+ Rxe8 32. Nd6 Re7 33. Nxb7
dxc4 34. Ndc5 d3 35. cxd3 cxd3 36. Nxd3 Rxb7 37. Kf2 Rc7 38. Ke3 Rc2 39. a4 Rc4
40. g5 Rxh4 41. gxh6 gxh6 42. Nc5 Rc4 0-1

[Event "22. Copenhagen Open  (Politiken Cup)"]
[Site "Copenhagen"]
[Date "2000.07.17"]
[Round "1"]
[White "Baburin, Alexander"]
[Black "Schmidt, Horst"]
[Result "1-0"]
[WhiteElo "2590"]
[BlackElo "2025"]
[PlyCount "55"]
[EventDate "2000.07.17"]
[EventType "swiss"]
[EventRounds "11"]
[EventCountry "DEN"]
[SourceDate "2004.01.01"]

1. d4 Nf6 2. c4 e6 3. Nc3 d5 4. cxd5 exd5 5. Bg5 c6 6. e3 Bf5 7. Qf3 Bg6 8.
Bxf6 gxf6 9. O-O-O Bb4 10. Nge2 Qe7 11. h4 h5 12. g3 Nd7 13. Bh3 f5 14. Bxf5
Nf6 15. Qf4 Bd6 16. Qg5 Rg8 17. Bxg6 Rxg6 18. Qf5 Ng4 19. e4 Rf6 20. Qxh5 Nxf2
21. Qh8+ Kd7 22. Qxa8 Kc7 23. e5 Bxe5 24. dxe5 Qxe5 25. Qxa7 Kc8 26. Qd4 Qe6
27. Rdf1 Qf5 28. Rxf2 1-0

[Event "22. Copenhagen Open  (Politiken Cup)"]
[Site "Copenhagen"]
[Date "2000.07.17"]
[Round "1"]
[White "Bekker Jensen, David"]
[Black "Howe, Dennis"]
[Result "1-0"]
[WhiteElo "2320"]
[BlackElo "2015"]
[PlyCount "43"]
[EventDate "2000.07.17"]
[EventType "swiss"]
[EventRounds "11"]
[EventCountry "DEN"]
[SourceDate "2004.01.01"]

1. d4 d5 2. c4 e6 3. Nc3 Nf6 4. cxd5 exd5 5. Bg5 Be7 6. e3 c6 7. Bd3 Ne4 8. Bf4
Bf5 9. Nf3 Nd7 10. O-O O-O 11. Qc2 Ndf6 12. Ne5 Nxc3 13. Bxf5 Nce4 14. f3 Nd6
15. Bd3 g6 16. Kh1 Nh5 17. Bh6 Ng7 18. f4 f5 19. Rg1 Nf7 20. Bxg7 Kxg7 21. g4
Nxe5 22. dxe5 1-0

[Event "22. Copenhagen Open  (Politiken Cup)"]
[Site "Copenhagen"]
[Date "2000.07.17"]
[Round "1"]
[White "Bekker Jensen, Simon"]
[Black "Haugsdal, Arn Tore"]
[Result "1-0"]
[WhiteElo "2388"]
[BlackElo "2007"]
[PlyCount "79"]
[EventDate "2000.07.17"]
[EventType "swiss"]
[EventRounds "11"]
[EventCountry "DEN"]
[SourceDate "2004.01.01"]

1. d4 Nf6 2. c4 c5 3. d5 b5 4. cxb5 a6 5. bxa6 Bxa6 6. Nc3 e6 7. g3 h5 8. Bg2
Ra7 9. h4 Qb6 10. Nh3 Bd6 11. O-O Ng4 12. Ng5 Be5 13. Nf3 Bf6 14. Bg5 d6 15.
Qc2 e5 16. Rab1 Rb7 17. Bh3 Nd7 18. Ne4 Ke7 19. Rfe1 Rc8 20. b4 Qa7 21. Bd2
Rxb4 22. Bxb4 cxb4 23. Qd2 Rc4 24. Bxg4 hxg4 25. Nfg5 Rd4 26. Qc2 Rc4 27. Qb2
Bxg5 28. Nxg5 Nc5 29. Rbc1 f6 30. Ne6 Nxe6 31. dxe6 Kxe6 32. Qb3 Qc5 33. Rc2 d5
34. Rec1 Qb5 35. e4 Rxc2 36. exd5+ Kd6 37. Qxc2 Bb7 38. Qc7+ Kxd5 39. Rd1+ Ke4
40. Qc2+ 1-0

[Event "22. Copenhagen Open  (Politiken Cup)"]
[Site "Copenhagen"]
[Date "2000.07.17"]
[Round "1"]
[White "Berg, Olaf"]
[Black "Carstensen, Jacob"]
[Result "0-1"]
[WhiteElo "1795"]
[BlackElo "2254"]
[PlyCount "76"]
[EventDate "2000.07.17"]
[EventType "swiss"]
[EventRounds "11"]
[EventCountry "DEN"]
[SourceDate "2004.01.01"]

1. e4 c5 2. f4 d6 3. Nf3 Nc6 4. Bb5 Bd7 5. c3 a6 6. Ba4 b5 7. Bc2 e5 8. d3 Be7
9. O-O Nf6 10. Qe1 Qc7 11. Bb3 c4 12. dxc4 Na5 13. c5 Qxc5+ 14. Be3 Qc7 15.
Nbd2 Nxb3 16. axb3 Ng4 17. Kh1 Nxe3 18. Qxe3 exf4 19. Qxf4 O-O 20. Nd4 Bf6 21.
Rac1 Be5 22. Qe3 Rae8 23. Qd3 g6 24. Nc2 d5 25. Ne3 dxe4 26. Nxe4 f5 27. Ng5
Bc6 28. Nf3 Rd8 29. Qe2 Bf4 30. Qf2 Rde8 31. Rce1 Be4 32. Nd4 Bxh2 33. Rd1 Bg3
34. Qe2 Qe7 35. Nexf5 Bxf5 36. Qxe7 Rxe7 37. Nxf5 Rxf5 38. Rxf5 gxf5 0-1

[Event "22. Copenhagen Open  (Politiken Cup)"]
[Site "Copenhagen"]
[Date "2000.07.17"]
[Round "1"]
[White "Bogdanov, Max"]
[Black "Petersen, Nils"]
[Result "0-1"]
[WhiteElo "1067"]
[BlackElo "2038"]
[PlyCount "34"]
[EventDate "2000.07.17"]
[EventType "swiss"]
[EventRounds "11"]
[EventCountry "DEN"]
[SourceDate "2004.01.01"]

1. d4 d5 2. c4 e6 3. Nc3 c6 4. e3 f5 5. Nf3 Nf6 6. Bd3 Bd6 7. c5 Bc7 8. O-O O-O
9. b4 Nbd7 10. a4 Ne4 11. Bxe4 fxe4 12. Nd2 e5 13. f3 exd4 14. exd4 Qh4 15. h3
Qg3 16. Qe1 Qh2+ 17. Kf2 Bg3+ 0-1

[Event "22. Copenhagen Open  (Politiken Cup)"]
[Site "Copenhagen"]
[Date "2000.07.17"]
[Round "1"]
[White "Bromann, Thorbjorn"]
[Black "Tolstrup, Thomas"]
[Result "1/2-1/2"]
[WhiteElo "2261"]
[BlackElo "1856"]
[PlyCount "81"]
[EventDate "2000.07.17"]
[EventType "swiss"]
[EventRounds "11"]
[EventCountry "DEN"]
[SourceDate "2004.01.01"]

1. e4 e6 2. d4 d5 3. Nc3 Nf6 4. exd5 exd5 5. Bd3 Nc6 6. Nge2 Be7 7. h3 Nb4 8.
Bf4 c6 9. g4 Nxd3+ 10. Qxd3 Be6 11. Ng3 h6 12. O-O-O Bd6 13. Be5 Qc7 14. Bxf6
gxf6 15. Nh5 O-O-O 16. Rhf1 Be7 17. f4 Kb8 18. Rde1 Bc8 19. f5 b6 20. Rf3 Qd6
21. Qe2 Rd7 22. Nd1 Bd8 23. Re3 Kc7 24. Nf2 Qb4 25. c3 Qd6 26. b3 Qa3+ 27. Kb1
Ba6 28. Qd2 Qd6 29. Kb2 Be7 30. Nd1 Rhd8 31. Qf2 Bf8 32. Qh4 Be7 33. Rf3 c5 34.
Qf2 cxd4 35. Qxd4 Qh2+ 36. Qf2 Qd6 37. Kb1 d4 38. cxd4 Qb4 39. a3 Qxa3 40. Rc3+
Kb8 41. Qf4+ 1/2-1/2

[Event "22. Copenhagen Open  (Politiken Cup)"]
[Site "Copenhagen"]
[Date "2000.07.17"]
[Round "1"]
[White "Brondum, Eric"]
[Black "Gislason, Ingolfur"]
[Result "1/2-1/2"]
[WhiteElo "2230"]
[BlackElo "1780"]
[PlyCount "43"]
[EventDate "2000.07.17"]
[EventType "swiss"]
[EventRounds "11"]
[EventCountry "DEN"]
[SourceDate "2004.01.01"]

1. d4 e6 2. c4 b6 3. a3 f5 4. Nc3 Nf6 5. Nf3 Be7 6. g3 O-O 7. Bg2 Bb7 8. O-O a5
9. b3 Qe8 10. Bb2 Qh5 11. e3 d6 12. d5 e5 13. Nxe5 dxe5 14. Qxh5 Nxh5 15. d6
Bxg2 16. dxe7 Bxf1 17. exf8=Q+ Kxf8 18. Kxf1 Nf6 19. Rd1 Na6 20. Na4 Re8 21. h3
Kf7 22. Ke2 1/2-1/2

[Event "22. Copenhagen Open  (Politiken Cup)"]
[Site "Copenhagen"]
[Date "2000.07.17"]
[Round "1"]
[White "Christensen, Stefan"]
[Black "Keeling, Karen"]
[Result "1-0"]
[WhiteElo "2176"]
[BlackElo "1680"]
[PlyCount "51"]
[EventDate "2000.07.17"]
[EventType "swiss"]
[EventRounds "11"]
[EventCountry "DEN"]
[SourceDate "2004.01.01"]

1. e4 c6 2. Nc3 d5 3. Nf3 Bg4 4. h3 Bxf3 5. Qxf3 Nf6 6. d3 g6 7. g3 Na6 8. Bg2
Nc7 9. O-O Bg7 10. Bg5 d4 11. Nd1 Ne6 12. Bd2 O-O 13. Qe2 Nc7 14. f4 Nh5 15.
Kh2 e5 16. f5 Qd6 17. Nf2 Ne8 18. Ng4 Nef6 19. Nh6+ Kh8 20. Bf3 Rae8 21. fxg6
fxg6 22. Bxh5 gxh5 23. Nf5 Qd7 24. Bg5 Ng8 25. Qxh5 Rf7 {#} 26. Nh4 1-0

[Event "22. Copenhagen Open  (Politiken Cup)"]
[Site "Copenhagen"]
[Date "2000.07.17"]
[Round "1"]
[White "Christensen, Verner"]
[Black "Molvig, Henrik"]
[Result "1/2-1/2"]
[WhiteElo "1761"]
[BlackElo "2224"]
[PlyCount "62"]
[EventDate "2000.07.17"]
[EventType "swiss"]
[EventRounds "11"]
[EventCountry "DEN"]
[SourceDate "2004.01.01"]

1. e4 c5 2. d4 cxd4 3. c3 d3 4. Bxd3 g6 5. Nf3 Bg7 6. O-O d6 7. h3 Nf6 8. Qe2
Nc6 9. Rd1 Bd7 10. Bf4 O-O 11. c4 h6 12. e5 dxe5 13. Bxe5 Nxe5 14. Nxe5 Qb6 15.
Nc3 Rad8 16. Rac1 Bc8 17. b3 Qa5 18. Nf3 Rfe8 19. Qc2 Bf5 20. Bxf5 Qxf5 21.
Qxf5 gxf5 22. Ne5 Ne4 23. Nxe4 Bxe5 24. Ng3 e6 25. Ne2 Kf8 26. f4 Bd6 27. Kf2
Bc5+ 28. Kf3 Ke7 29. g4 fxg4+ 30. hxg4 Rh8 31. Ng3 Ba3 1/2-1/2

[Event "22. Copenhagen Open  (Politiken Cup)"]
[Site "Copenhagen"]
[Date "2000.07.17"]
[Round "1"]
[White "Drejer, Hans Ulrik"]
[Black "Simonsen, Olavur"]
[Result "0-1"]
[WhiteElo "1680"]
[BlackElo "2183"]
[PlyCount "52"]
[EventDate "2000.07.17"]
[EventType "swiss"]
[EventRounds "11"]
[EventCountry "DEN"]
[SourceDate "2004.01.01"]

1. d4 Nf6 2. Nf3 d6 3. Bg5 c6 4. Nbd2 Bg4 5. h3 Bh5 6. e4 Qa5 7. Bxf6 gxf6 8.
c3 Nd7 9. g4 Bg6 10. Nh4 Bh6 11. Nf5 Bxf5 12. gxf5 Bxd2+ 13. Qxd2 O-O-O 14. Bc4
d5 15. exd5 cxd5 16. b4 Qc7 17. Bxd5 Ne5 18. Bg2 Rhg8 19. f4 Rxg2 20. Qxg2
Qxc3+ 21. Ke2 Qd3+ 22. Ke1 Rxd4 23. fxe5 Qc3+ 24. Kf2 Rd2+ 25. Kg1 Qxa1+ 26.
Kh2 Qxe5+ 0-1

[Event "22. Copenhagen Open  (Politiken Cup)"]
[Site "Copenhagen"]
[Date "2000.07.17"]
[Round "1"]
[White "Einarson, Erland"]
[Black "Nicolaisen, Jeppe"]
[Result "0-1"]
[WhiteElo "1100"]
[BlackElo "2040"]
[PlyCount "76"]
[EventDate "2000.07.17"]
[EventType "swiss"]
[EventRounds "11"]
[EventCountry "DEN"]
[SourceDate "2004.01.01"]

1. f4 d5 2. Nf3 Nf6 3. d3 c6 4. Nc3 Qc7 5. e4 Bg4 6. e5 Nfd7 7. d4 e6 8. Be2 c5
9. O-O Bxf3 10. Nb5 Qb6 11. Rxf3 a6 12. Nd6+ Bxd6 13. exd6 cxd4 14. Kh1 Qxd6
15. Qxd4 Nf6 16. Qe5 Qxe5 17. fxe5 Nfd7 18. Bf4 Nc6 19. Rg3 g6 20. Re3 d4 21.
Re4 Nc5 22. Bd3 Nxe4 23. Bxe4 O-O-O 24. Bd3 Nb4 25. Rf1 Nxd3 26. cxd3 Rd5 27.
Bh6 Rd7 28. Rf4 Kb8 29. Kg1 Rc8 30. Rf2 Rdc7 31. a3 Rc2 32. Bd2 Rxb2 33. Bb4
Rc1+ 34. Rf1 Rxf1+ 35. Kxf1 b6 36. Ke1 Rxg2 37. h4 Kb7 38. a4 Kc6 0-1

[Event "22. Copenhagen Open  (Politiken Cup)"]
[Site "Copenhagen"]
[Date "2000.07.17"]
[Round "1"]
[White "Eriksson, Johan"]
[Black "Jensen, Kasper Smith"]
[Result "1-0"]
[WhiteElo "2369"]
[BlackElo "2157"]
[PlyCount "37"]
[EventDate "2000.07.17"]
[EventType "swiss"]
[EventRounds "11"]
[EventCountry "DEN"]
[SourceDate "2004.01.01"]

1. d4 Nf6 2. c4 e6 3. Nc3 Bb4 4. Bg5 O-O 5. Nf3 d6 6. e3 b6 7. Bd3 Bb7 8. O-O
Bxc3 9. bxc3 Nbd7 10. Re1 c5 11. e4 Qc7 12. e5 Bxf3 13. Qxf3 dxe5 14. dxe5 Nxe5
15. Qg3 Nfg4 $2 (15... Nfd7) (15... Nh5 16. Qxe5 Qxe5 17. Rxe5 f6) 16. Be2 Qd7
17. Bxg4 Nxc4 18. Rad1 Qa4 19. Bf3 1-0

[Event "22. Copenhagen Open  (Politiken Cup)"]
[Site "Copenhagen"]
[Date "2000.07.17"]
[Round "1"]
[White "Erlandsen, Carsten"]
[Black "Nielsen, Rune"]
[Result "1-0"]
[WhiteElo "2165"]
[BlackElo "1611"]
[PlyCount "107"]
[EventDate "2000.07.17"]
[EventType "swiss"]
[EventRounds "11"]
[EventCountry "DEN"]
[SourceDate "2004.01.01"]

1. d4 d5 2. c4 e6 3. Nf3 Nf6 4. Bg5 Be7 5. e3 O-O 6. Nc3 Nbd7 7. Rc1 c6 8. a3
Nh5 9. Bxe7 Qxe7 10. Be2 f5 11. O-O Nhf6 12. Nd2 g5 13. f3 Qg7 14. e4 f4 15. b4
dxc4 16. Nxc4 Nb6 17. Qb3 Rd8 18. Rfd1 Qe7 19. a4 Nxc4 20. Bxc4 Bd7 21. d5 exd5
22. exd5 Qe3+ 23. Kf1 cxd5 24. Nxd5 Nxd5 25. Rxd5 Kf8 26. Qxe3 fxe3 27. Rcd1
Rdc8 28. Rxd7 Rxc4 29. Rxh7 Re8 30. Rh8+ Kf7 31. Rxe8 Kxe8 32. Re1 Rxb4 33.
Rxe3+ Kd7 34. Ra3 Rb1+ 35. Kf2 Rb2+ 36. Kg3 Kc6 37. Rc3+ Kd5 38. Re3 Rb4 39.
Re7 Kc6 40. Re4 Kc5 41. Re5+ Kc4 42. Rxg5 Rxa4 43. h4 b5 44. h5 b4 45. h6 b3
46. h7 b2 47. h8=Q b1=Q 48. Rg4+ Kc5 49. Qc8+ Kd6 50. Qd8+ Kc5 51. Qc7+ Kd5 52.
Qd7+ Kc5 53. Qxa4 Qe1+ 54. Kh2 1-0

[Event "22. Copenhagen Open  (Politiken Cup)"]
[Site "Copenhagen"]
[Date "2000.07.17"]
[Round "1"]
[White "Fant, Goran"]
[Black "Jorgensen, Orla Eilegaard"]
[Result "1-0"]
[WhiteElo "2062"]
[BlackElo "1297"]
[PlyCount "57"]
[EventDate "2000.07.17"]
[EventType "swiss"]
[EventRounds "11"]
[EventCountry "DEN"]
[SourceDate "2004.01.01"]

1. d4 Nf6 2. e3 d5 3. f4 c5 4. c3 Nc6 5. Bd3 Bg4 6. Nf3 cxd4 7. cxd4 e6 8. Nc3
Bb4 9. O-O a6 10. Bd2 O-O 11. a3 Bd6 12. Be1 Rc8 13. Bh4 Be7 14. Qc2 h6 15. h3
Bxf3 16. Rxf3 b5 17. Bxf6 Bxf6 18. Qe2 Re8 19. Kh1 Na5 20. Rg1 Nc4 21. Nd1 Kh8
22. Rf2 Be7 23. Qh5 f5 24. g4 Bh4 25. Rfg2 Be7 26. gxf5 Bf6 27. fxe6 Qe7 28.
Qg6 Kg8 29. Qh7+ 1-0

[Event "22. Copenhagen Open  (Politiken Cup)"]
[Site "Copenhagen"]
[Date "2000.07.17"]
[Round "1"]
[White "Grahn, Lars"]
[Black "Hector, Jonny"]
[Result "0-1"]
[WhiteElo "2105"]
[BlackElo "2509"]
[PlyCount "134"]
[EventDate "2000.07.17"]
[EventType "swiss"]
[EventRounds "11"]
[EventCountry "DEN"]
[SourceDate "2004.01.01"]

1. d4 d5 2. c4 e6 3. cxd5 exd5 4. Nc3 c6 5. Nf3 Bf5 6. Bg5 Be7 7. Bxe7 Nxe7 8.
e3 Qb6 9. Qb3 Na6 10. Qxb6 axb6 11. a3 Nc8 12. Bxa6 Rxa6 13. Nd2 b5 14. e4 dxe4
15. Ncxe4 Ke7 16. f3 Rd8 17. Nb3 Ra7 18. Kf2 Nb6 19. Rhe1 Kf8 20. g4 Bc8 21.
Re2 Be6 22. Nbc5 Bc4 23. Rd2 Nc8 24. b3 Bd5 25. Nc3 b6 26. Nxd5 bxc5 27. Nf4
Nb6 28. Rc1 c4 29. bxc4 Nxc4 30. Rd3 Rd6 31. Rcc3 Ke7 32. h4 Rd8 33. h5 Kd6 34.
Rb3 Rda8 35. d5 Rxa3 36. dxc6+ Kxc6 37. Rxa3 Nxa3 38. Ne2 b4 39. Nd4+ Kc5 40.
Nb3+ Kc4 41. Re3 Ra7 42. Nd2+ Kb5 43. h6 gxh6 44. Re5+ Ka4 45. Rh5 b3 46. Nxb3
Kxb3 47. Rxh6 Kc4 48. Rxh7 Kd5 49. g5 Nb5 50. Rh6 Nd6 51. Rf6 Ne8 52. Rf4 Ng7
53. Rf6 Nh5 54. Rh6 Nf4 55. Rf6 Ke5 56. Rb6 Kf5 57. Rb5+ Kg6 58. Kg3 Ra4 59.
Rb7 Ne6 60. Rb5 Nxg5 61. Rb3 Ne6 62. Re3 Ng7 63. Rb3 Nf5+ 64. Kg2 Kg5 65. Rb7
f6 66. Rb5 Kf4 67. Rb6 Ne3+ 0-1

[Event "22. Copenhagen Open  (Politiken Cup)"]
[Site "Copenhagen"]
[Date "2000.07.17"]
[Round "1"]
[White "Grand, Hans Henrik"]
[Black "Mortensen, Erling"]
[Result "0-1"]
[WhiteElo "2036"]
[BlackElo "2438"]
[PlyCount "72"]
[EventDate "2000.07.17"]
[EventType "swiss"]
[EventRounds "11"]
[EventCountry "DEN"]
[SourceDate "2004.01.01"]

1. e4 c5 2. c3 d6 3. d4 Nf6 4. Bb5+ Bd7 5. Bxd7+ Qxd7 6. f3 Na6 7. Ne2 e6 8.
O-O d5 9. e5 Ng8 10. a3 Ne7 11. Be3 c4 12. Nd2 Nc7 13. f4 f5 14. Nf3 Nc6 15. h4
Be7 16. Kf2 Na5 17. g3 Nb3 18. Rb1 b5 19. Nd2 Nxd2 20. Qxd2 a5 21. Ra1 O-O 22.
Rfc1 Ra6 23. Qe1 Na8 24. Qd1 Nb6 25. Kg2 Rfa8 26. Rc2 b4 27. axb4 axb4 28. Rxa6
Rxa6 29. Bd2 b3 30. Rc1 Ra2 31. Rb1 Na4 32. Bc1 Qe8 33. Qd2 Qh5 34. Ng1 h6 35.
Qe2 Qxe2+ 36. Nxe2 {#} Ba3 0-1

[Event "22. Copenhagen Open  (Politiken Cup)"]
[Site "Copenhagen"]
[Date "2000.07.17"]
[Round "1"]
[White "Greiff, Hkan"]
[Black "Hansen, Lars Bo"]
[Result "1/2-1/2"]
[WhiteElo "2284"]
[BlackElo "2562"]
[PlyCount "102"]
[EventDate "2000.07.17"]
[EventType "swiss"]
[EventRounds "11"]
[EventCountry "DEN"]
[SourceDate "2004.01.01"]

1. e4 e5 2. Nf3 Nc6 3. Bc4 Bc5 4. c3 Nf6 5. d4 exd4 6. b4 Bb6 7. e5 Ne4 8. Bd5
Nxc3 9. Nxc3 dxc3 10. O-O h6 11. Qb3 O-O 12. Qxc3 d6 13. exd6 cxd6 14. Rd1 Qe7
15. Bb2 Ne5 16. Nxe5 dxe5 17. Qxe5 Qxe5 18. Bxe5 $11 a5 19. b5 a4 20. Bd4 Bxd4
21. Rxd4 Ra5 22. Rb1 Re8 23. h3 a3 24. Rf4 Be6 25. Re4 Rd8 26. Bxe6 fxe6 27.
Re2 Kf7 28. Rc2 Ke7 29. Rb3 Rd5 30. Rc7+ Rd7 31. Rcc3 Rd1+ 32. Kh2 Rd2 33. Rxa3
Rxb5 34. Rab3 Rxb3 35. Rxb3 Rxf2 36. Rxb7+ Kf6 37. a4 Ra2 38. Rb4 e5 39. Kg3
Kf5 40. Kf3 Ra3+ 41. Kf2 g6 42. Rc4 h5 43. Rb4 e4 44. g3 Rf3+ 45. Kg2 Ke5 46.
h4 Rf6 47. a5 e3 48. Rf4 Ra6 49. Ra4 Rf6 50. Rf4 Ra6 51. Ra4 Rf6 $11 1/2-1/2

[Event "22. Copenhagen Open  (Politiken Cup)"]
[Site "Copenhagen"]
[Date "2000.07.17"]
[Round "1"]
[White "Gulko, Boris F"]
[Black "Nielsen, Jan Mose"]
[Result "1-0"]
[WhiteElo "2643"]
[BlackElo "2030"]
[PlyCount "43"]
[EventDate "2000.07.17"]
[EventType "swiss"]
[EventRounds "11"]
[EventCountry "DEN"]
[SourceDate "2004.01.01"]

1. Nf3 c5 2. c4 Nf6 3. Nc3 Nc6 4. d4 cxd4 5. Nxd4 g6 6. e4 d6 7. Be2 Bg7 8. Be3
Bd7 9. Nc2 Qc8 10. O-O Ng4 11. Bd2 Nd4 12. Nxd4 Bxd4 13. Rc1 h5 14. b4 a5 15.
Nb5 Be5 16. f4 Bb2 17. Rc2 Bxb5 18. cxb5 Bd4+ 19. Kh1 Qe6 20. f5 gxf5 21. exf5
Qd5 22. Bf4 1-0

[Event "22. Copenhagen Open  (Politiken Cup)"]
[Site "Copenhagen"]
[Date "2000.07.17"]
[Round "1"]
[White "Hamann, Steffen"]
[Black "Baekgaard, Martin"]
[Result "0-1"]
[WhiteElo "1638"]
[BlackElo "2170"]
[PlyCount "50"]
[EventDate "2000.07.17"]
[EventType "swiss"]
[EventRounds "11"]
[EventCountry "DEN"]
[SourceDate "2004.01.01"]

1. d4 f5 2. c4 Nf6 3. Nf3 d6 4. Nc3 g6 5. g3 Bg7 6. Bg2 O-O 7. O-O Qe8 8. Re1
Qf7 9. Qd3 h6 10. b3 Nc6 11. a3 e5 12. dxe5 dxe5 13. e4 fxe4 14. Nxe4 Nxe4 15.
Rxe4 Bf5 16. Ra2 Rad8 17. Qe2 Bxe4 18. Qxe4 Rd1+ 19. Ne1 Rxc1 20. Qe3 Rxe1+ 21.
Qxe1 Nd4 22. f4 exf4 23. Bd5 Qxd5 24. cxd5 Nf3+ 25. Kf1 Nxe1 0-1

[Event "22. Copenhagen Open  (Politiken Cup)"]
[Site "Copenhagen"]
[Date "2000.07.17"]
[Round "1"]
[White "Hansen, Henrik Damgaard"]
[Black "Dongart, Dennis"]
[Result "0-1"]
[WhiteElo "1508"]
[BlackElo "2138"]
[PlyCount "80"]
[EventDate "2000.07.17"]
[EventType "swiss"]
[EventRounds "11"]
[EventCountry "DEN"]
[SourceDate "2004.01.01"]

1. e4 c6 2. d4 d5 3. e5 Bf5 4. Nc3 e6 5. g4 Bg6 6. Nge2 c5 7. h4 h6 8. Be3 Nc6
9. f4 Qa5 10. a3 c4 11. Bg2 O-O-O 12. Ng3 f6 13. O-O Be7 14. h5 Be8 15. Qd2 g5
16. Rfb1 gxf4 17. Bxf4 fxe5 18. dxe5 Bc5+ 19. Kh1 Bd4 20. Re1 Qc5 21. Nd1 Qe7
22. Bh3 Qg7 23. Qe2 Nge7 24. c3 Bb6 25. Nf1 Bd7 26. Nd2 Rdf8 27. Qh2 Rf7 28. b3
Rhf8 29. Bg3 cxb3 30. Nxb3 Na5 31. Nd4 Nc4 32. Nb2 Nxb2 33. Qxb2 Nc6 34. Nb5
Rf3 35. Qh2 Qg5 36. Nd6+ Kb8 37. Rac1 Bf2 38. Rf1 Bxg3 39. Qb2 Rxf1+ 40. Rxf1
Rxf1+ 0-1

[Event "22. Copenhagen Open  (Politiken Cup)"]
[Site "Copenhagen"]
[Date "2000.07.17"]
[Round "1"]
[White "Hansen, Henrik Michael"]
[Black "Greisen, Flemming Dahl"]
[Result "1-0"]
[WhiteElo "2119"]
[BlackElo "1488"]
[PlyCount "73"]
[EventDate "2000.07.17"]
[EventType "swiss"]
[EventRounds "11"]
[EventCountry "DEN"]
[SourceDate "2004.01.01"]

1. e4 e6 2. d4 d5 3. Nc3 c6 4. Nf3 Bb4 5. e5 Qb6 6. Be2 Ne7 7. O-O Bxc3 8. bxc3
Nd7 9. Ba3 c5 10. dxc5 Nxc5 11. Rb1 Qc7 12. Qd4 b6 13. Qg4 Ng6 14. c4 O-O 15.
cxd5 exd5 16. Qd4 Bb7 17. Bd3 f5 18. exf6 Rxf6 19. Rfe1 Rc8 20. Bb2 Rf4 21. Qe3
Ne4 22. Nd4 Re8 23. f3 Qc5 24. fxe4 dxe4 25. Bb5 Re5 26. Ba4 Bd5 27. Bb3 Rg5
28. Ne6 Qxe3+ 29. Rxe3 Bxe6 30. Bxe6+ Kh8 31. Rf1 h5 32. Rg3 Rb5 33. Rxg6 Rxf1+
34. Kxf1 Rxb2 35. Bb3 Rb1+ 36. Kf2 Kh7 37. Re6 1-0

[Event "22. Copenhagen Open  (Politiken Cup)"]
[Site "Copenhagen"]
[Date "2000.07.17"]
[Round "1"]
[White "Hansen, Herluf"]
[Black "Rubeksen, Thomas Hans"]
[Result "1-0"]
[WhiteElo "2047"]
[BlackElo "1210"]
[PlyCount "73"]
[EventDate "2000.07.17"]
[EventType "swiss"]
[EventRounds "11"]
[EventCountry "DEN"]
[SourceDate "2004.01.01"]

1. c4 c5 2. Nf3 Nc6 3. Nc3 Nf6 4. d4 cxd4 5. Nxd4 g6 6. e4 d6 7. Be2 Bd7 8. Nc2
Bg7 9. O-O O-O 10. Rb1 Ne8 11. Nd5 Nf6 12. f3 Ne5 13. Kh1 Bc6 14. Be3 e6 15.
Nc3 d5 16. exd5 exd5 17. c5 Re8 18. b4 Qc7 19. Bd4 b6 20. Nb5 Bxb5 21. Bxb5
Rad8 22. Re1 Ned7 23. c6 Nb8 24. Be5 Rd6 25. Nd4 a6 26. Bxd6 Qxd6 27. Rc1 Qc7
28. Ba4 b5 29. Bb3 Bh6 30. Rc2 Bf4 31. g3 Bd6 32. a3 Nh5 33. Rxe8+ Kg7 34. Qd2
Bxg3 35. Qg5 Qf4 36. Qxf4 Bxf4 37. c7 1-0